00323pab a2200121 454500008004000000100001700040245007600057260000900133300001100142650001800153650001000171773002000181180718b1999 xxu||||| |||| 00| 0 eng d aMehra, Vikas aCrisis in the financial sector: Japan's banking system under microscope c1999 ap.1-10 aBanks - Japan aBanks aBusiness Review